000
00316nam a22001217a 4500
003
OSt
005
20250714110128.0
008
250714b |||||||| |||| 00| 0 eng d
040
_c
DLC
082
_a
328.1
_b
LUK
245
_a
The Journal of the Society of Clerks-At-The-Table in Commonwealth Parliaments
942
_2
ddc
_c
BK
999
_c
4128
_d
4128